[Event "Reykjavik Icelandic op"]
[White "Heidarsson, Arnar Milutin"]
[Black "Ulfljotsson, Jon"]
[Site "Reykjavik"]
[Round "5"]
[Result "1-0"]
[Date "2018.06.04"]
[WhiteElo "1657"]
[BlackElo "1700"]
[PlyCount "30"]
[EventDate "2018.06.01"]
[EventType "swiss"]
[EventRounds "10"]
[EventCountry "ISL"]
[SourceTitle "CBM 184 Extra"]
[Source "ChessBase"]
[SourceDate "2018.06.28"]
[SourceVersion "1"]
[SourceVersionDate "2018.06.28"]
[SourceQuality "1"]

1. d4 Nf6 2. c4 e6 3. Nc3 d5 4. cxd5 exd5 5. Bg5 Be7 6. e3 c6 7. Bd3 0-0 8. Nge2 b5 9. 0-0 a5 10. Rc1 Nbd7 11. Qc2 h6 12. Bf4 Bb7 13. f3 Nb6 14. Nxb5 Rc8 15. Na7 Ra8 1-0

[Event "Reykjavik Faxaven op"]
[White "Jensson, Erlingur"]
[Black "Ulfljotsson, Jon"]
[Site "Reykjavik"]
[Round "3"]
[Result "1/2-1/2"]
[Date "2018.04.04"]
[WhiteElo "1603"]
[BlackElo "1710"]
[PlyCount "130"]
[EventDate "2018.03.21"]
[EventType "swiss"]
[EventRounds "7"]
[EventCountry "ISL"]
[SourceTitle "EXT 2019"]
[Source "ChessBase"]
[SourceDate "2018.10.10"]
[SourceVersion "1"]
[SourceVersionDate "2018.10.10"]
[SourceQuality "1"]

1. d4 Nf6 2. c4 e6 3. Nc3 d5 4. Bg5 Be7 5. Nf3 b6 6. e3 Bb7 7. Be2 Nbd7 8. a3 c5 9. cxd5 Nxd5 10. Bxe7 Qxe7 11. Bb5 Nxc3 12. bxc3 0-0 13. 0-0 Nf6 14. Re1 Rfd8 15. Ne5 Qc7 16. f3 Nd5 17. Qb3 a6 18. Bf1 b5 19. Rac1 c4 20. Qd1 f6 21. Ng4 Qe7 22. e4 Nb6 23. Ra1 Qf7 24. Rb1 Rac8 25. Qc1 Na4 26. Be2 Rd7 27. Bd1 Nb6 28. Qe3 h5 29. Nf2 Re7 30. f4 Nd7 31. Qh3 g6 32. Bc2 f5 33. Qg3 Rce8 34. a4 Bc6 35. axb5 axb5 36. Nh3 Qg7 37. Ng5 Nf6 38. exf5 exf5 39. Re5 Ng4 40. Rbe1 Nxe5 41. fxe5 Bd5 42. Qf2 Rb8 43. Qd2 Rb6 44. Nh3 Kh7 45. Nf4 Qf7 46. Rf1 Reb7 47. Nxh5 gxh5 48. Rxf5 Qg7 49. Rxh5+ Kg8 50. Rg5 Rf7 51. Rxg7+ Rxg7 52. g3 Ra6 53. Bf5 Rc6 54. Qf4 b4 55. cxb4 c3 56. Bc2 Ra6 57. Qh4 Ra1+ 58. Kf2 Rf7+ 59. Ke2 Bc4+ 60. Bd3 c2 61. Qd8+ Kg7 62. Qg5+ Kf8 63. Qd8+ Kg7 64. Qg5+ Kf8 65. Qd8+ Kg7 1/2-1/2

[Event "Gardabaer-ch"]
[White "Ulfljotsson, Jon"]
[Black "Heimisson, Hilmir Freyr"]
[Site "Gardabaer"]
[Round "5"]
[Result "0-1"]
[Date "2017.11.06"]
[WhiteElo "1723"]
[BlackElo "2185"]
[PlyCount "32"]
[EventDate "2017.10.13"]
[EventType "swiss"]
[EventRounds "7"]
[EventCountry "ISL"]
[SourceTitle "CBM 181 Extra"]
[Source "ChessBase"]
[SourceDate "2017.12.12"]
[SourceVersion "1"]
[SourceVersionDate "2017.12.12"]
[SourceQuality "1"]

1. d4 Nf6 2. Nf3 g6 3. g3 Bg7 4. Bg2 0-0 5. 0-0 d5 6. b3 c5 7. e3 cxd4 8. exd4 Nc6 9. Bb2 Bf5 10. a3 Rc8 11. c3 Qb6 12. Nbd2 Rfe8 13. Re1 h5 14. c4 Ne4 15. c5 Qd8 16. Nf1 Nxc5 0-1

[Event "Gardabaer-ch"]
[White "Birkisson, Bardur Orn"]
[Black "Ulfljotsson, Jon"]
[Site "Gardabaer"]
[Round "1"]
[Result "1/2-1/2"]
[Date "2017.10.13"]
[WhiteElo "2164"]
[BlackElo "1723"]
[PlyCount "104"]
[EventDate "2017.10.13"]
[EventType "swiss"]
[EventRounds "7"]
[EventCountry "ISL"]
[SourceTitle "CBM 181 Extra"]
[Source "ChessBase"]
[SourceDate "2017.12.12"]
[SourceVersion "1"]
[SourceVersionDate "2017.12.12"]
[SourceQuality "1"]

1. Nf3 d5 2. g3 Nf6 3. Bg2 e6 4. b3 Be7 5. c4 0-0 6. 0-0 c5 7. Bb2 Nc6 8. e3 Qc7 9. d4 cxd4 10. exd4 b6 11. Nbd2 Bb7 12. Rc1 Rac8 13. Qe2 Rfe8 14. Ne5 Qb8 15. c5 Nxe5 16. dxe5 Nd7 17. cxb6 Nxb6 18. h4 Rxc1 19. Rxc1 Rc8 20. Rxc8+ Qxc8 21. Nf3 Ba6 22. Qd2 h6 23. Nd4 Nd7 24. f4 Nc5 25. Qc3 Nd3 26. Qxc8+ Bxc8 27. Nc6 Bc5+ 28. Bd4 Bxd4+ 29. Nxd4 Bb7 30. Bf3 a6 31. Kf1 Kf8 32. a3 Nc5 33. Ke2 Ke7 34. Kd2 f6 35. exf6+ gxf6 36. b4 Nd7 37. Bg4 Nf8 38. Kc3 Kd6 39. b5 f5 40. Be2 axb5 41. Kb4 Nd7 42. Nxb5+ Ke7 43. a4 Nf6 44. a5 Ne4 45. Nd4 Nxg3 46. a6 Bxa6 47. Bxa6 Kd6 48. Nb5+ Ke7 49. Nd4 Nh5 50. Ne2 Kd6 51. Bc8 e5 52. Bxf5 Nxf4 1/2-1/2

[Event "Reykjavik Taflfelag op"]
[White "Eliasson, Kristjan Orn"]
[Black "Ulfljotsson, Jon"]
[Site "Reykjavik"]
[Round "8"]
[Result "0-1"]
[Date "2017.09.22"]
[WhiteElo "1869"]
[BlackElo "1711"]
[PlyCount "122"]
[EventDate "2017.09.06"]
[EventType "swiss"]
[EventRounds "9"]
[EventCountry "ISL"]
[SourceTitle "CBM 180 Extra"]
[Source "ChessBase"]
[SourceDate "2017.10.06"]
[SourceVersion "1"]
[SourceVersionDate "2017.10.06"]
[SourceQuality "1"]

1. e4 c5 2. Nf3 d6 3. Be2 Nf6 4. d3 Nc6 5. c3 g6 6. h3 Bg7 7. 0-0 0-0 8. Nbd2 b5 9. Re1 Qc7 10. Nf1 d5 11. exd5 Nxd5 12. Ng3 b4 13. c4 Nf4 14. Bf1 Nd4 15. Nxd4 Bxd4 16. Qf3 Ne6 17. Qxa8 Bb7 18. Qxa7 Ra8 19. Qxa8+ Bxa8 20. Ne2 Bf6 21. a3 b3 22. Rb1 Bc6 23. Be3 Qd6 24. Red1 Nd4 25. Nxd4 Bxd4 26. Bxd4 Qxd4 27. Rdc1 e5 28. Rc3 Ba4 29. Re1 f5 30. Be2 e4 31. Bf1 exd3 32. Bxd3 Kf7 33. Rd1 Qe5 34. Bf1 Qe4 35. f3 Qf4 36. Kf2 h5 37. g3 Qc7 38. Bg2 h4 39. gxh4 Qf4 40. Kf1 Qxh4 41. Rd5 Qe7 42. Rd2 Kf6 43. Kf2 Kg5 44. Re3 Qc7 45. Rd5 Kf4 46. Ree5 Bc6 47. Rxc5 Qd6 48. Rcd5 Bxd5 49. Rxd5 Qf6 50. Rd2 Qe5 51. Re2 Qd4+ 52. Ke1 Qxc4 53. Rd2 Ke3 54. Kd1 g5 55. h4 gxh4 56. f4 Kxf4 57. Ke1 Kg3 58. Bf1 Qe4+ 59. Kd1 f4 60. Rd3+ Kf2 61. Rxb3 Kxf1 0-1

[Event "Gardabaer op"]
[White "Halldorsson, Jon Arni"]
[Black "Ulfljotsson, Jon"]
[Site "Gardabaer"]
[Round "2"]
[Result "1-0"]
[Date "2015.11.02"]
[WhiteElo "2171"]
[BlackElo "1769"]
[PlyCount "41"]
[EventDate "2015.10.26"]
[EventType "swiss"]
[EventRounds "7"]
[EventCountry "ISL"]
[SourceTitle "EXT 2017"]
[Source "ChessBase"]
[SourceDate "2016.10.25"]
[SourceVersion "1"]
[SourceVersionDate "2016.10.25"]
[SourceQuality "1"]

1. d4 Nf6 2. c4 e6 3. Nc3 d5 4. cxd5 exd5 5. Bg5 Be7 6. e3 c6 7. Bd3 Nbd7 8. Qc2 h6 9. Bf4 Nb6 10. Nf3 Be6 11. h3 Rc8 12. 0-0 0-0 13. Rfe1 Bd6 14. Ne5 Qe7 15. a4 c5 16. Qe2 a6 17. Bg3 Rfe8 18. Bh4 c4 19. Bc2 Bb4 20. Qf3 Nbd7 21. Nxd7 1-0

[Event "ISL-chT2 1415"]
[White "Ulfljotsson, Jon"]
[Black "Karlsson, Agust Sindri"]
[Site "Reykjavik"]
[Round "7.4"]
[Result "0-1"]
[Date "2015.03.21"]
[WhiteElo "1798"]
[BlackElo "2270"]
[PlyCount "64"]
[EventDate "2014.10.03"]
[EventType "team-tourn"]
[EventRounds "7"]
[EventCountry "ISL"]
[SourceTitle "EXT 2016"]
[Source "ChessBase"]
[SourceDate "2015.10.08"]
[SourceVersion "1"]
[SourceVersionDate "2015.10.08"]
[SourceQuality "1"]
[WhiteTeam "Vikingaklubburinn II"]
[BlackTeam "Haukar"]
[WhiteTeamCountry "ISL"]
[BlackTeamCountry "ISL"]

1. d4 d5 2. Nf3 Nf6 3. e3 g6 4. c4 Bg7 5. Nc3 0-0 6. h3 c6 7. Be2 dxc4 8. Bxc4 Nbd7 9. 0-0 Nb6 10. Bb3 Nfd7 11. e4 e5 12. Bg5 Qe8 13. d5 Nc5 14. dxc6 bxc6 15. Bc2 Ba6 16. Re1 Ne6 17. Qc1 Nxg5 18. Qxg5 Nd7 19. Rad1 Nc5 20. b4 Ne6 21. Qe3 Qe7 22. a3 Nd4 23. Bd3 Bc8 24. Na4 Be6 25. Nc5 a5 26. Bf1 Nc2 27. Qc3 Nxe1 28. Nxe1 axb4 29. axb4 Rfd8 30. Ned3 Ba2 31. Rc1 Bh6 32. Rc2 f6 0-1

[Event "ISL-chT2 1415"]
[White "Ulfljotsson, Jon"]
[Black "Einarsson, Arnthor"]
[Site "Reykjavik"]
[Round "4"]
[Result "0-1"]
[Date "2014.10.05"]
[WhiteElo "1798"]
[BlackElo "2222"]
[PlyCount "102"]
[EventDate "2014.10.03"]
[EventType "team-tourn"]
[EventRounds "7"]
[EventCountry "ISL"]
[SourceTitle "EXT 2016"]
[Source "ChessBase"]
[SourceDate "2015.10.08"]
[SourceVersion "1"]
[SourceVersionDate "2015.10.08"]
[SourceQuality "1"]
[WhiteTeam "Vikingaklubburinn II"]
[BlackTeam "Reykjavik KR"]
[WhiteTeamCountry "ISL"]
[BlackTeamCountry "ISL"]

1. d4 c5 2. d5 e6 3. c4 Nf6 4. Nc3 exd5 5. cxd5 d6 6. Nf3 a6 7. a4 Nbd7 8. g3 Be7 9. Bg2 0-0 10. 0-0 Re8 11. Re1 b6 12. e4 Bf8 13. Qc2 Rb8 14. b3 b5 15. axb5 axb5 16. Bf1 b4 17. Na4 Ng4 18. Bb2 f6 19. h3 Nge5 20. Nxe5 fxe5 21. Bc1 Qf6 22. Be3 Qg6 23. Nb2 Nf6 24. Bg2 Kh8 25. Qb1 Nh5 26. Nc4 Rb7 27. Kh2 Bd7 28. Qd3 Nf6 29. Ra5 Qh5 30. h4 h6 31. Kg1 g5 32. hxg5 hxg5 33. f3 Bh3 34. Qf1 Bxg2 35. Qxg2 Rh7 36. g4 Qg6 37. Rea1 Kg8 38. Ra8 Rxa8 39. Rxa8 Nxd5 40. exd5 Qb1+ 41. Kf2 Qxb3 42. Nxd6 Qxd5 43. Rd8 c4 44. Kg3 Rh6 45. Qc2 Rxd6 46. Rxd6 Bxd6 47. Qg6+ Kf8 48. Bxg5 e4+ 49. f4 Bc5 50. Bf6 c3 51. Bg7+ Ke7 0-1

[Event "ISL-ch op"]
[White "Baldursson, Haraldur"]
[Black "Ulfljotsson, Jon"]
[Site "Reykjavik"]
[Round "9"]
[Result "1-0"]
[Date "2013.06.07"]
[WhiteElo "1963"]
[BlackElo "1806"]
[PlyCount "57"]
[EventDate "2013.05.31"]
[EventType "swiss"]
[EventRounds "10"]
[EventCountry "ISL"]
[SourceTitle "CBM 154 Extra"]
[Source "ChessBase"]
[SourceDate "2013.06.25"]
[SourceVersion "2"]
[SourceVersionDate "2013.06.25"]
[SourceQuality "1"]

1. d4 d5 2. c4 c6 3. e3 Nf6 4. Qc2 e6 5. Nf3 Nbd7 6. cxd5 cxd5 7. Nc3 a6 8. Bd3 Bb4 9. 0-0 b5 10. a4 bxa4 11. Qxa4 a5 12. Ne5 0-0 13. Nc6 Nb6 14. Qb3 Qd6 15. Nxb4 Qxb4 16. Qxb4 axb4 17. Rxa8 Nxa8 18. Na4 Bd7 19. Nc5 Rb8 20. Bd2 Bb5 21. Bxb4 Bxd3 22. Nxd3 Nb6 23. Bc5 h5 24. h3 Ne4 25. b4 Nd2 26. Ra1 Ndc4 27. Ra6 f6 28. Nf4 e5 29. Nxh5 1-0

[Event "ISL-ch op"]
[White "Ulfljotsson, Jon"]
[Black "Einarsson, Oskar Long"]
[Site "Reykjavik"]
[Round "6"]
[Result "1/2-1/2"]
[Date "2013.06.04"]
[WhiteElo "1806"]
[BlackElo "1605"]
[PlyCount "64"]
[EventDate "2013.05.31"]
[EventType "swiss"]
[EventRounds "10"]
[EventCountry "ISL"]
[SourceTitle "CBM 154 Extra"]
[Source "ChessBase"]
[SourceDate "2013.06.25"]
[SourceVersion "2"]
[SourceVersionDate "2013.06.25"]
[SourceQuality "1"]

1. d4 Nf6 2. c4 d5 3. Nc3 g6 4. Nf3 Bg7 5. cxd5 Nxd5 6. e4 Nxc3 7. bxc3 c5 8. Be3 Qa5 9. Qd2 Bg4 10. Be2 Nc6 11. e5 Rd8 12. Rb1 a6 13. 0-0 b5 14. Qb2 Bf5 15. Rbc1 cxd4 16. cxd4 Be4 17. Ng5 Bd5 18. e6 fxe6 19. Rxc6 Bxc6 20. Nxe6 Bf6 21. Nxd8 Qxd8 22. Rc1 Qa8 23. f3 Kf7 24. Rc5 Rc8 25. Qb3+ e6 26. Qc2 Bd7 27. Bd3 Rxc5 28. dxc5 Bc6 29. Be4 Bxe4 30. fxe4 Qc6 31. Kf2 Be5 32. g3 Ke7 1/2-1/2

[Event "ISL-ch op"]
[White "Steingrimsson, Hedinn"]
[Black "Ulfljotsson, Jon"]
[Site "Reykjavik"]
[Round "1"]
[Result "1-0"]
[Date "2013.05.31"]
[WhiteElo "2558"]
[BlackElo "1806"]
[PlyCount "73"]
[EventDate "2013.05.31"]
[EventType "swiss"]
[EventRounds "10"]
[EventCountry "ISL"]
[SourceTitle "CBM 154 Extra"]
[Source "ChessBase"]
[SourceDate "2013.06.25"]
[SourceVersion "2"]
[SourceVersionDate "2013.06.25"]
[SourceQuality "1"]

1. e4 c5 2. Nf3 d6 3. d4 cxd4 4. Nxd4 Nf6 5. Nc3 a6 6. Be3 e6 7. g4 Qc7 8. g5 Nfd7 9. h4 Ne5 10. h5 Nc4 11. Bxc4 Qxc4 12. Qf3 Nc6 13. 0-0-0 Bd7 14. Kb1 Be7 15. Nxc6 Qxc6 16. Ne2 Rf8 17. Nd4 Qc7 18. Rd3 Bc6 19. Rc3 Qd7 20. Rd1 f5 21. Nxc6 bxc6 22. exf5 Rxf5 23. Qxc6 Qxc6 24. Rxc6 Rb5 25. c4 Rb7 26. f4 a5 27. Kc2 Kd7 28. Rb6 Rc7 29. Kc3 a4 30. Bd4 g6 31. hxg6 hxg6 32. Rh1 Rac8 33. b3 axb3 34. axb3 d5 35. Be5 Ra7 36. Rh7 dxc4 37. Rd6+ 1-0

[Event "Reykjavik-ch"]
[White "Ulfljotsson, Jon"]
[Black "Palsdottir, Soley Lind"]
[Site "Reykjavik"]
[Round "7"]
[Result "1-0"]
[Date "2012.01.22"]
[WhiteElo "1853"]
[BlackElo "1309"]
[PlyCount "37"]
[EventDate "2012.01.08"]
[EventType "swiss"]
[EventRounds "9"]
[EventCountry "ISL"]
[SourceTitle "EXT 2014"]
[Source "ChessBase"]
[SourceDate "2013.11.20"]
[SourceVersion "1"]
[SourceVersionDate "2013.11.20"]
[SourceQuality "1"]

1. d4 d5 2. c4 e6 3. Nf3 Nf6 4. Nc3 c6 5. e3 Be7 6. a3 Nbd7 7. Bd3 dxc4 8. Bxc4 b5 9. Bd3 Bb7 10. 0-0 0-0 11. e4 a6 12. e5 Nd5 13. Qc2 f5 14. exf6 N7xf6 15. Ne4 Qe8 16. Ne5 Rc8 17. Ng5 Bd6 18. Bxh7+ Kh8 19. Ng6+ 1-0